| 000 | 00603nam a2200169 i 4500 | ||
|---|---|---|---|
| 001 | 183805 | ||
| 003 | ES-MaACL | ||
| 005 | 20230906221956.0 | ||
| 008 | 141017s1833 fr |||| | spa d | ||
| 100 | 1 |
_aPereyra, Emilio . _9155733 |
|
| 245 | 1 | 0 |
_aEnsayos hechos en Burdeos de la planta huaco, para la curación del cólera-morbo / _cpor Emilio Pereyra ; puesto en español, por J. R. Pacheco. |
| 260 |
_aParis : _bBarachart, _c1833. |
||
| 300 |
_a51 p., [1] pleg. ; _c22 cm. |
||
| 650 | 4 |
_aCólera- _xTratamiento. _9157013 |
|
| 700 | 1 |
_aPacheco, José Ramón. _9130763 |
|
| 852 |
_aES-MaACL _jT-493-F-5 |
||
| 999 |
_c183805 _d183805 |
||